The house of the dead /

Bibliographic Details
Main Author: Dostoyevsky, Fyodor, 1821-1881
Format: Book
Language:English
Published: Harmondsworth, Middlesex, England ; New York, N.Y., U.S.A. : Penguin Books, 1985
Subjects:

MARC

Tag First Indicator Second Indicator Subfields
LEADER 00000cam a2200000 a 4500
001 in00000030895
005 20151007054904.0
008 860414s1985 enk b 00011 eng
010 |a  86144949  
020 |a 0140444564 (pbk.) :  |c £2.95 ($3.95 U.S.) 
035 |a (OCoLC)13161867 
035 |9 AAB6536AM 
040 |a DLC  |c DLC  |d m/c  |d TXA  |d UtOrBLW 
041 1 |a eng  |h rus 
043 |a e-urs-- 
049 |a TXAM  |c [A11114788] 
050 0 0 |a PG3326  |b .Z3 1985 
050 4 |a PG3326  |b .Z3 1987 
082 0 |a 891.73/3  |2 19 
100 1 |a Dostoyevsky, Fyodor,  |d 1821-1881. 
240 1 0 |a Zapiski iz mertvogo doma.  |l English 
245 1 4 |a The house of the dead /  |c Fyodor Dostoyevsky ; translated with an introduction by David McDuff. 
264 1 |a Harmondsworth, Middlesex, England ;  |a New York, N.Y., U.S.A. :  |b  Penguin Books,  |c 1985 
264 3 |c 1987 printing 
300 |a 362 pages ;  |c 19 cm. 
336 |a text  |b txt  |2 rdacontent 
337 |a unmediated  |b n  |2 rdamedia 
338 |a volume  |b nc  |2 rdacarrier 
500 |a Penguin Classics. 
500 |a Translation of: Zapiski iz mertvogo doma. 
504 |a Bibliography: pages [359]-362. 
651 0 |a Siberia (Russia)  |x Exiles  |x Fiction. 
999 |a MARS 
999 f f |s 6e749b76-d645-3461-9c95-6f31e7c3f174  |i 58ecbdff-4a36-3c8b-a74c-80a6a9c6ee79  |t 0 
952 f f |p normal  |a Texas A&M University  |b College Station  |c Sterling C. Evans Library  |s Evans stk  |d Evans: Library Stacks  |t 0  |e PG3326 .Z3 1987  |h Library of Congress classification  |i unmediated -- volume  |m A14811114788 
998 f f |a PG3326 .Z3 1987  |t 0  |l Evans: Library Stacks